[Event "Corus"]
[Site "Wijk aan Zee"]
[Date "2004.01.25"]
[Round "13"]
[White "Timman, Jan H"]
[Black "Topalov, Veselin"]
[Result "0-1"]
[WhiteElo "2578"]
[BlackElo "2735"]
[Annotator "Stohl,I"]
[PlyCount "114"]
[EventDate "2004.01.10"]
[EventType "tourn"]
[EventRounds "13"]
[EventCountry "NED"]
[EventCategory "19"]
[SourceTitle "CBM 099"]
[Source "ChessBase"]
[SourceDate "2004.03.30"]
[SourceVersion "1"]
[SourceVersionDate "2004.03.30"]
[SourceQuality "1"]

{[%mdl 1]} 1. Nf3 c5 2. c4 g6 3. e4 Bg7 4. d4 d6 5. d5 (5. Nc3 {/\} Bg4 (5...
Nf6 6. Be2 {-E91}) 6. d5 $14 (6. dxc5 dxc5 7. Qxd8+ Kxd8 8. Be3 Bxc3+ (8...
Bxf3 9. gxf3 Bd4 10. O-O-O e5 11. Nb5 Kd7 12. f4 $36) 9. bxc3 b6 10. Ne5 Be6
11. O-O-O+ Ke8 12. Bd3 f6 13. Nf3 Nc6 14. e5 Nxe5 15. Nxe5 fxe5 16. Rhe1 Nf6
17. Bg5 Kf7 18. Rxe5 Rhd8 19. h3 Rd6 20. Rde1 {Browne,W-Forintos,G/Wijk aan
Zee/1974/} Rxd3 21. Rxe6 Rd7 $14 {/~~})) 5... e6 6. Nc3 exd5 7. exd5 {Timman
after a long tournament, which has not gone well for him, strives for simpler
play.} (7. cxd5 $142 {is the only principled continuation, transposing into
Benoni positions.} Nf6 {-A70} (7... Bg4 {-A43})) 7... Bg4 8. Be2 Ne7 $1 $13 {
One of the points of delaying the development of the Ng8. Now Black's N gets a
chance to get to f5 and potentially d4. After} (8... Nf6 9. O-O O-O 10. h3 Bxf3
11. Bxf3 $14 {-E91 White transposes into a pleasant King's Indian line, the ^^
gives him a long-lasting pull.}) 9. O-O (9. Qb3 b6 (9... Nd7 $2 10. Qxb7 O-O
11. O-O Nf5 12. Bg5 Qb8 13. Qxd7 Qxb2 14. Nd2 Bxc3 15. Bxg4 Bxd2 16. Bxd2 Qxd2
17. Bxf5 gxf5 18. Qxd6 $18 {Finegold,B-Ivanov,A/New York/1992/}) 10. Qa4+ (10.
O-O O-O {-9.0-0}) (10. Ne4 O-O {/\} 11. Bg5 f5 $1 $32 {|^}) 10... Nd7 11. O-O
O-O 12. h3 Bxf3 13. Bxf3 Ne5 $13 (13... Nf5 14. Bg4 Bxc3 $5 15. bxc3 Ne5 16.
Bxf5 gxf5 $13)) 9... O-O (9... Nd7 10. Nb5 (10. Ne4 Nf5 11. h3 Bxf3 12. Bxf3
O-O 13. Bg4 Nd4 $1 $13 {/\} 14. Nxd6 $2 f5 15. Bf3 Ne5 $17) 10... Nb6 11. Bf4
Nbc8 12. Qd2 O-O 13. a4 (13. Bh6) 13... Nf5 14. Ra3 a6 15. Nc3 Nb6 16. Qd3 Re8
17. h3 Bxf3 18. Bxf3 Nd7 (18... Nd4 $142 $1 $15) 19. Bg4 Ne5 20. Bxe5 Rxe5 21.
Bxf5 gxf5 (21... Rxf5 22. f4 {[%csl Rf5] צf5}) 22. Ne2 Qf6 23. f4 Re4 24. Ng3
Qd4+ 25. Qxd4 Bxd4+ 26. Kh2 Ree8 27. Nxf5 Rad8 28. Rb3 {Ward,C-Ivanov,A/London/
1989/}) 10. Qb3 $146 {This Q sortie achieves no immediate and concrete
advantage and seems rather artificial.} (10. Bf4 Nf5 (10... Bxf3 11. Bxf3 Nf5
12. Ne4 $14) 11. Ng5 $5 Bxe2 12. Qxe2 h6 (12... Nd7 $142 $132) 13. Nge4 g5 14.
Qg4 $1 Ne7 15. Bxd6 f5 16. Qh3 fxe4 17. Nxe4 $44 {Elschner,A-Zielinska,M/
Bundesliga-W/2001/}) (10. Re1 Nf5 11. Bg5 Qb6 12. Rb1 h6 13. Bd2 Nd7 14. Qa4
Qd8 15. Qd1 Re8 16. b3 {Szeberenyi,A-Fogarasi,T/Budapest/2004/} Bxf3 17. Bxf3
Nd4 $11) 10... b6 11. Ng5 (11. h3 Bxf3 12. Bxf3 Nf5 13. Ne2 $11) 11... Bxe2 12.
Nxe2 Nd7 13. Qh3 {Consistent with White's 10-th move, but the Q will find
nothing to do here, more to the point seems} (13. Ne4 $11) 13... Nf6 14. Bd2 $6
{Now Black wins tempi and starts fighting for the initiative.} (14. Nc3 $142 h6
(14... Re8 15. Nce4 Nexd5 16. cxd5 Nxe4 17. Qxh7+ Kf8 18. Nxe4 Rxe4 19. Bh6
Bxh6 20. Rae1 $1 $36) 15. Nge4 $11) 14... h6 15. Nf3 g5 $1 16. Ne1 $8 (16. g4
Qd7 $17) 16... Ne4 (16... b5 17. cxb5 Nexd5 (17... Qd7 $5) 18. Nc3 $13) (16...
Re8 17. Qd3 {/\Bc3=}) 17. Bc1 (17. Rd1 $142 $5 $132) 17... f5 $32 {|^} 18. Qd3
Qd7 $15 {[%mdl 32] Topalov has achieved a promising position, which he
systematically improves after further inaccuracies from White.} 19. Rb1 (19. f3
Nf6 20. Nc2 f4 $15 (20... b5 $5 $36)) 19... Rae8 20. b3 Ng6 21. Bb2 $2 {
Natural, but allows Black to strengthen his grip on the position.} (21. f3 $142
Ne5 (21... Nf6 22. Bb2 $132) 22. Qc2 Nf6 23. Nd3 (23. Ng3 f4 24. Nf5 Nxd5 $1
25. Nxg7 Nb4 $17) (23. Bb2 f4 $15) 23... f4 $15) 21... Bxb2 22. Rxb2 Qg7 23.
Rc2 f4 {[%cal Rg5g4,Rf4f3] ()>>,/\g4,f3->} 24. Nc3 {Now Black takes full
control of the open <->e and increases his advantage in the _|_.} ({However,
White's position is already very unpleasant even after} 24. f3 Nf6 25. Qd1 Nh4
26. Rd2 Nf5 $17 {[%csl Re3][%cal Ge8e1] ><e3,<->e}) 24... Nxc3 25. Qxc3 $8 (25.
Rxc3 f3 $1 $40 {/\} 26. Nxf3 Nf4 27. Qd2 Qxc3 $19) 25... Qxc3 26. Rxc3 Re2 $17
{[%cal Ge8e1][%mdl 4096] <->e} 27. a3 Rfe8 28. Nd3 Rd2 (28... Kf7 {[%cal Ye2d2,
Ye8e4,Yf7f6,Yg6e5] /\Rd2,Kf6,Re4,Ne5 keeps both R on the board and was
possibly even better, White can hardly move.} 29. f3 $6 {[%cal Yf1f2] /\Rf2
runs into} Ra2 30. b4 Ree2 $19) (28... Ra2 29. b4 {/\} Ree2 $4 30. Nc1 $16) 29.
Re1 {Now White exchanges a pair of R, as now Black doesn't have Rd3. The _|_
however remains very difficult.} Rxe1+ 30. Nxe1 Ne5 31. h3 Kg7 32. Kf1 (32. Nf3
Rd1+ 33. Kh2 Nd3 $19) 32... Kf6 33. g4 (33. Nf3 Ra2 $17) 33... fxg3 $1 {
Black has to open the position to make progress.} 34. Rxg3 (34. fxg3 Rh2 35.
Nf3 Nxf3 $5 (35... Rxh3 36. Kg2 {[%csl Rh3] צh3}) 36. Rxf3+ Ke5 37. Re3+ Kd4
38. Re6 Rb2 $17) 34... Kf5 35. Re3 h5 36. a4 (36. Nf3 Rd3 $1 37. Rxd3 (37. Ke2
Rxe3+ 38. Kxe3 Nxf3 39. Kxf3 h4 $1 40. Ke3 (40. Ke2 Ke4 41. f3+ Kf4 42. Kf2 a6
43. b4 cxb4 44. axb4 Ke5 45. Ke3 a5 $19) 40... g4 (40... Ke5 $19) 41. hxg4+
Kxg4 42. Ke2 Kf4 $19) 37... Nxd3 38. Kg2 Kf4 $17 {/-+}) 36... Rb2 37. Ng2 (37.
Nf3 Ng6 $1 {[%cal Rg6f4] /\Nf4-/+}) 37... h4 $1 {[%csl Rh3] ><h3} 38. Rc3 (38.
Ne1 Ng6 (38... g4 $5 39. hxg4+ Kxg4 $19 {[%csl Gh4] o^h4}) 39. Ng2 Nf4 40. Nxf4
gxf4 41. Re6 Rxb3 42. Rxd6 Rb4 $19) 38... Ke4 39. Re3+ Kf5 40. Rc3 Rb1+ 41. Ke2
Rh1 42. Re3 a5 $22 (42... Ng6 $2 43. Re6 $1 $132 {[%cal Rg2e3] /\Ne3}) 43. Rc3
(43. Ne1 Ng6 44. Nd3 Nf4+ 45. Nxf4 gxf4 46. Re6 (46. Rc3 Ke4 {-see game}) 46...
Rxh3 47. Rxd6 Rxb3 $19) 43... Ng6 $1 44. Rf3+ Nf4+ 45. Nxf4 gxf4 $19 {_|_R,()}
46. Rc3 (46. Kd3 Rc1 47. Kd2 Ke4 $1 48. Rxf4+ (48. Rd3 Rd1+ $19) 48... Kxf4 49.
Kxc1 Kf3 $19) 46... Ke4 47. Kd2 Rb1 $22 48. f3+ (48. Kc2 Rf1 $19) (48. Rd3 Rd1+
$19) (48. Ke2 f3+ $1 49. Kd2 (49. Rxf3 Rb2+ $19) 49... Rf1 50. Re3+ Kf4 51. Re6
Rxf2+ 52. Kd3 (52. Ke1 Re2+ $1 $19) 52... Rb2 $19) 48... Kf5 {Now the Ph3 is
defenceless and the game is decided.} 49. Rc1 Rxb3 50. Re1 (50. Ke2 Rb2+ 51.
Kf1 Rb4 $19) 50... Rxf3 51. Re6 Rxh3 52. Rxd6 Re3 {Cuts off White's K, the
o^f4 will run.} 53. Rxb6 Re4 54. Kc3 (54. Kd3 Rd4+ 55. Ke2 (55. Kc3 f3 $19)
55... Rxc4 $19) 54... f3 55. Rb8 h3 56. Rf8+ Kg4 57. Kd3 (57. d6 Rd4 58. Rg8+
Kh4 59. Rh8+ Kg3 60. Rg8+ Kf2 $19) 57... Re1 (57... Re1 58. Rg8+ Kh4 59. Rh8+
Kg3 60. Rg8+ Kh2 61. Rf8 Kg2 62. Rg8+ Kh1 63. Rf8 h2 64. Rxf3 Kg2 $19) 0-1

[Event "Linares 21st"]
[Site "Linares"]
[Date "2004.02.29"]
[Round "10"]
[White "Topalov, Veselin"]
[Black "Shirov, Alexei"]
[Result "1-0"]
[WhiteElo "2735"]
[BlackElo "2736"]
[Annotator "Wedberg,T"]
[PlyCount "89"]
[EventDate "2004.02.19"]
[EventType "tourn"]
[EventRounds "14"]
[EventCountry "ESP"]
[EventCategory "20"]
[SourceTitle "CBM 100"]
[Source "ChessBase"]
[SourceDate "2004.06.01"]
[SourceVersion "1"]
[SourceVersionDate "2004.06.01"]
[SourceQuality "1"]

1. e4 e5 2. Nf3 Nc6 3. Bb5 a6 4. Ba4 Nf6 5. O-O Be7 6. Re1 b5 7. Bb3 d6 8. c3
O-O 9. h3 Na5 10. Bc2 c5 11. d4 Qc7 12. d5 $5 {This natural advance is rather
unusual. The reason for this is probably the highly acclaimed notion that
White should keep the pressure against e5 in the Closed Ruy Lopez - waiting to
see if dxe5, d5 or just waiting yet another move is the best continuation. The
strategy of keeping all options in the centre has the disadvantage that it
gives Black quite a few choices as well, like taking on d4.} Nc4 {The most
popular move at this point. Black avoids the a5-b7-d8-f7 route for his N.} 13.
b3 Nb6 14. a4 Bd7 15. a5 Nc8 16. c4 {[%mdl 8] Remarkably a novelty. Garry the
great has played b4 at this point. I guess one reason for prefering b4 over c4
is to protect a5, thereby freeing Ra1 for action on the K-side. c4 on the
other hand gives added support to d5 - which can be useful later on if Black
tries to free himself with f7-f5 at some point.} (16. b4 c4 17. Nbd2 Bd8 (17...
g6 18. Nf1 Nh5 19. Bh6 Re8 (19... Ng7 20. Ng3 Bd8 21. Qd2 Kh8 22. Rad1 f6 23.
Nh2 Ne7 {1/2-1/2 Reutsky,S-Farakhov,R/Fakel Jamala, Noyabrsk RUS 2003 (23)})
20. Qd2 Bf8 21. Ng3 $5 Nxg3 22. fxg3 Ne7 23. Rf1 $14 {1/2-1/2 Kasparov,
G-Ivanchuk,V/Prague 2002/CBM 89/[Wedberg] (45)}) 18. Nf1 Ne8 19. g4 Ne7 20. Ng3
Kh8 21. Kh2 Ng8 22. Rg1 g6 23. Be3 Ng7 24. Nd2 Bf6 25. Qf3 {1/2-1/2 Fressinet,
L-Sokolov,I/Selfoss 2003/CBM 98 no vc (25)}) 16... g6 {Open b-file with bxc4
or closed Q-side with b4? Black decides to wait with that decision.} 17. Nc3
Nh5 18. Ne2 Re8 (18... f5 {Logical from a structural point of view, but
Black´s pieces are badly placed to support this type of aggression. Still as a
bid for more space it could be the best option in a cramped situation.} 19. Bh6
Ng7 20. exf5 gxf5 21. Ng5 $36) 19. Ra2 Bf8 20. g4 $1 {White gains even more
space and prepares to go for the black K.} Ng7 21. Ng3 f6 22. Nh2 $1 {[%csl
Rc8,Rg7][%cal Yf2f4] This is a nice idea. White sees that f4 might be a good
option since both Black´s N:s are light years away from e5.} Re7 23. h4 Rf7 24.
f4 {[%cal Yf4f5,Yg4g5,Yh4h5] Threatening to overwhelm Black with f5, g5 and h5.
} exf4 25. Bxf4 Qd8 26. Rf1 Qe7 27. h5 Ne8 28. Bd3 $1 {[%cal Ya2f2] White
finds simple moves to increase the pressure, while Black struggles to find any
squares at all for his pieces.} Bg7 29. Kg2 Qf8 30. Qc1 bxc4 {Black hopes to
create some counterplay on the Q-side, but again he has no pieces to attack
with.} 31. bxc4 Rb8 32. Raf2 Rb3 33. Rf3 Ne7 34. Bd2 Bc8 35. Qc2 Rb8 {End of
counterplay.} 36. Kh1 gxh5 {This looks really ugly. But waiting to see how
White was going to open the black position wasn´t very nice either.} (36... Bh6
37. Bc3 Rb7 38. e5 $1 $16) 37. Nxh5 Ng6 {One more move (Ne5) and Black would
have something resembling a position.} 38. e5 $3 {[%mdl 144] This line opening
move cuts through Black´s plans.} dxe5 (38... Nxe5 39. Bxh7+ Kh8 40. Rh3 $18)
39. Bxg6 hxg6 40. Qxg6 e4 41. Rh3 Rfb7 (41... f5 42. Nxg7 Rxg7 43. Qh5 Nf6 44.
Qh8+ Kf7 45. Qxf8+ Kxf8 46. Bh6 $18) 42. Nf4 Rb1 43. Qh7+ Kf7 44. Qh5+ Kg8 45.
Ng6 (45. Ng6 Qd6 46. Bf4 $18) 1-0

[Event "FIDE-Wch k.o."]
[Site "Tripoli"]
[Date "2004.06.23"]
[Round "3.1"]
[White "Topalov, Veselin"]
[Black "Movsesian, Sergei"]
[Result "1-0"]
[WhiteElo "2737"]
[BlackElo "2647"]
[Annotator "Ribli,Z"]
[PlyCount "71"]
[EventDate "2004.06.19"]
[EventType "k.o."]
[EventRounds "7"]
[EventCountry "LBY"]
[SourceTitle "CBM 102"]
[Source "ChessBase"]
[SourceDate "2004.09.23"]
[SourceVersion "1"]
[SourceVersionDate "2004.09.23"]
[SourceQuality "1"]

1. e4 c5 2. Nf3 Nc6 3. d4 cxd4 4. Nxd4 Qc7 5. Nc3 e6 6. Be3 a6 7. Qd2 Nf6 8.
O-O-O Bb4 9. f3 Ne5 10. Nb3 b5 11. Kb1 {Großmeister Topalov spielte diese
Fortsetzung schon zwei Jahre vorher gegen Großmeister Lutz (Topalov, V - Lutz,
Ch Dortmund 2002). Die Idee des Königszuges ist, dass 12.Nxb5 droht und später
- wie in der Partie Topalov - Lutz - nach 11...Nc4 12.Bxc4 bxc4 13.Nc1 das
c1-Feld frei ist.} (11. Bd4 Be7 12. Qf2 d6 13. g4 (13. Kb1 Bb7 14. Bd3 O-O 15.
g4 Nfd7 16. f4 b4 17. Ne2 Nxd3 18. cxd3 e5 19. Be3 d5 {0-1 Libiszewski,
F-Laznicka,V/Zemplinska Sirava SVK 2004/(48)}) 13... O-O 14. h4 Nfd7 15. g5 b4
16. Ne2 Bb7 17. Kb1 a5 18. Ng3 a4 $40 {0-1 Acher,M-Lazarev,V/Nice FRA 2003/(30)
}) 11... Be7 (11... O-O $2 12. Nxb5 Bxd2 13. Nxc7 Bxe3 14. Nxa8 $18) 12. Qf2 d6
13. Bb6 $1 {[%mdl 4] Weiß verjagt die Dame und es scheint, als ob alle
möglichen Damezüge ihren Nachteil haben.} Qb8 (13... Qb7 14. Na5 $36) 14. Bd4
$14 Nc6 (14... Nc4 15. Bxc4 bxc4 16. Na5 $16 {[%cal Ra5c4,Ga5c6,Gc6b8,Gc6e7]
Diese Variante zeigt, dass die Dame nicht so gut auf b8 steht wie auf c7.}) (
14... O-O 15. g4 $36) 15. Be3 Nd7 16. g4 O-O 17. g5 {Gewöhnlich spielt man
hauptsächtlich einen Bauernangriff am gegnerischen Königsflügel, wenn die
Könige an verschieden Flügeln rochiert haben. Hier ist der weiße Angriff
schneller und gefährlicher.} b4 18. Na4 {[%csl Ga4] Der Springer blockiert die
schwarzen Angriffsmöglichkeiten und kontrolliert das b6-Feld.} (18. Ne2 $6 a5
$132) 18... Nce5 19. Rg1 {[%cal Gf3f4] Mit diesem prophylaktischen Zug
bereitet Weiß 20.f4 vor und verteidigt sich gegen 20...Ng4.} Bb7 20. Na5 (20.
f4 Bc6 21. fxe5 Bxa4 22. exd6 Bxd6 23. h4 Qc7 $132) 20... Rc8 21. b3 $1 {
Mit diesem prophylaktischem Zug bereitet Weiß 22.Nxb7 Qxb7 23.f4 vor und in
diesem Fall kann Schwarz nicht 23...Nc4 ziehen.} (21. f4 $2 Bxe4 22. fxe5 Bxc2+
23. Qxc2 Rxc2 24. Kxc2 Qc7+ $19) (21. Nxb7 Qxb7 22. f4 Nc4 $132) 21... Bc6 (
21... Qc7 22. Nxb7 Qxb7 23. f4 Nc6 24. f5 $14) 22. Nxc6 Nxc6 23. f4 {Weiß hat
das Läuferpaar und sein Angriff ist "ante Portas" - f4-f5 kommt schnell.
Andererseits ist es schwer für Schwarz Gegenspiel zu finden.} Nc5 24. Nxc5 dxc5
25. f5 Ne5 26. Bh3 $16 {[%cal Gh3c8]} (26. fxe6 fxe6 27. Bh3 Qb6 $14) 26...
exf5 (26... Qb6 27. Qg3 $18 {[%csl Re5]}) 27. exf5 Re8 28. Bf4 {[%csl Rb8,Gf4,
Gh3][%cal Gf4b8]} (28. f6 $40) 28... Bd6 {[#]} 29. g6 $1 {[%mdl 128] Ein
typisches und sehr effektives Bauernopfer, was kaum anzunehmen ist. Weiß
möchte Linien in der gegnerischen Königsstellung öffnen.} hxg6 30. fxg6 Ra7 (
30... fxg6 31. Bg2 $18 {[%csl Rg8][%cal Rg2d5,Rd5g8]}) 31. Qg2 {[%cal Gg2d5,
Gd5g8,Gd1d6]} Nc4 32. Rxd6 $1 (32. Bxd6 Nxd6 33. Rdf1 $16) 32... Nxd6 33. Qd5
$18 {[%csl Rd6,Rf7,Rg8][%cal Rd5g8]} Rd8 34. gxf7+ Rxf7 (34... Nxf7 35. Bxb8
Rxd5 36. Bxa7 $18) 35. Be6 Qb7 36. Qg5 1-0

[Event "Corus"]
[Site "Wijk aan Zee"]
[Date "2005.01.15"]
[Round "1"]
[White "Topalov, Veselin"]
[Black "Ponomariov, Ruslan"]
[Result "1-0"]
[WhiteElo "2757"]
[BlackElo "2700"]
[Annotator "Ribli,Z"]
[PlyCount "127"]
[EventDate "2005.01.15"]
[EventType "tourn"]
[EventRounds "13"]
[EventCountry "NED"]
[EventCategory "19"]
[SourceTitle "CBM 105"]
[Source "ChessBase"]
[SourceDate "2005.04.11"]
[SourceVersion "1"]
[SourceVersionDate "2005.04.11"]
[SourceQuality "1"]

1. e4 c5 2. Nf3 e6 3. d4 cxd4 4. Nxd4 Nc6 5. Nc3 Qc7 6. Be3 a6 7. Qd2 Nf6 8.
O-O-O Bb4 9. f3 Ne5 10. Nb3 b5 11. Kb1 {Dies ist eine beliebte Fortsetzung von
Topalev. Mit diesem Königszug er hat in einer schönen Partie gegen Lutz
gewonnen (Topalov,V - Lutz,C 2002 Dortmund). Die bekannten Alternativen sind -
11.Qe1 (die moderne Fortsetzung) und 11.Bd4 (der traditionelle Zug). Nach dem
Königszug droht sofort 12.Nxb5.} Nc4 {Das ist die direkte Fortsetzung, jedoch
kommt auch die Alternative in Betracht.} (11... Be7 $5) 12. Bxc4 bxc4 13. Nc1 {
Dies ist die Idee des Zuges 11.Kb1 - der Springer besitzt nun ein Schlupfloch
auf c1.} (13. Nd4 Rb8 14. Ka1 O-O 15. g4 d6 16. a3 Ba5 {1/2-1/2 Sax,
G-Goloshchapov,A/Rethymnon GRE 2003/(16)}) 13... Qb7 $146 {Schwarz möchte die
halboffene b-Linie besetzen. Er besitzt zwar das Läuferpaar, jedoch stehen sie
nicht aktiv (besonders Bc8).} (13... Rb8 14. Bf4 (14. N1e2 O-O (14... Qb7 15.
b3 O-O 16. Bf4 Ra8 17. Bd6 Bxd6 18. Qxd6 cxb3 $6 (18... a5 $5) 19. axb3 a5 20.
Rd4 {1-0 Topalov,V-Lutz,C/Dortmund 2002/CBM 90/[Ribli] (34)'}) 15. Ka1 $6 (15.
Bf4 $5 e5 16. Bg5 Ba3 17. b3 Qb6 18. Be3 $14) 15... d5 16. Bg5 dxe4 17. Bxf6
gxf6 18. Qh6 Qe5 19. f4 Qf5 20. g4 Qg6 21. Qh3 Kh8 22. Rhg1 Bc5 23. f5 Qg7 {
0-1 Korneev,O-Delchev,A/Navalmoral de la Mata 2004/CBM 103 ext (41)}) 14... e5
(14... Bxc3 $2 15. Bxc7 Rxb2+ 16. Ka1 Rxc2+ 17. Qxc3 Rxc3 18. Kb2 Re3 19. Bf4
$18) 15. Bg5 Qb6 16. N1e2 O-O 17. Bxf6 Ba3 18. b3 Qxf6 19. Nd5 $14 {0-1 Zufic,
M-Delchev,A/Zadar 2004 (46)}) (13... O-O 14. Bf4 Bxc3 15. Bxc7 Bxd2 16. Rxd2 c3
17. bxc3 d5 {Grischuk,A-Svidler,P/Cap d'Agde (rapid) 47) 2003/(25)}) 14. N1e2 (
14. Qd4 Rb8 15. Na4 $5) 14... O-O 15. Qd4 {[%csl Rc4,Rc8] Es hängt der Pc4,
aber das größere Problem der schwarzen Stellung besteht in der passiven
Stellung des Bc8.} (15. Bf4 d5) 15... Rb8 16. Bc1 $5 $14 {Weiß steht sicher
und übt positionellen Druck auf die d-Linie aus.} (16. Qxc4 d5 $13) 16... d6 (
16... Ba3 17. b3 Bxc1 18. Rxc1 cxb3 19. cxb3 Rd8 20. e5 Ne8 21. Ne4 $16) (16...
Qc6 17. Bf4 Bc5 18. Qxc4 Rb4 19. Qd3 $14) 17. Qxc4 Bd7 18. b3 Rfc8 {[%csl Gb8,
Gc8][%cal Gb8b1,Gc8c1] Durch den Druck auf der b- und c-Linie besitzt Schwarz
zwar Kompensation für den Minusbauern, jedoch ergeben sich daraus keine
konkrete Drohungen.} 19. Qd3 a5 20. a3 Bc5 (20... Bxc3 21. Nxc3 a4 22. b4 $14)
21. a4 Be8 22. Bb2 Bb4 (22... Nd7) 23. Na2 (23. Nd4 d5) 23... Bc5 {Es droht 24.
..Bxa4.} 24. Bxf6 $1 {Weiß tauscht seinen Läufer, und im weiteren Verlauf wird
der Pf6 nicht zu halten sein.} gxf6 25. Nec3 {[%csl Ga2,Gc3] Die weißen
Springer verteidigen sicher die Königsstellung; es ist somit nicht leicht für
Schwarz, seinen Angriff zu forcieren.} Bc6 26. Rhe1 Qb6 27. f4 Kh8 28. Re2 {
[%mdl 256] Die weiße Stellung steht gegen eventuelle Angriffe von Schwarz
sicher. Natürlich ist es noch nicht leicht, den Mehrbauern zu mobilisieren} Rg8
29. g3 Rbd8 30. Qc4 (30. Red2) 30... Rd7 31. Red2 {[%cal Gd1d8]} Bb7 32. Qe2 {
[%csl Ge2][%cal Ge2h5,Gh5h4,Gh4f6] Die weiße Dame zielt auf den Königsflügel,
um den schwachen f-Bauern anzugreifen.} Qc6 33. Qh5 Qb6 34. Qh4 Qd8 35. f5 $1 {
Weiß verbessert seine Stellung kontinuierlich.} exf5 (35... Qe7) 36. exf5 Rg5
37. Qf4 Re7 38. Nd5 $16 {[%csl Gd5]} Re5 39. g4 Bxd5 40. Rxd5 Rxd5 41. Rxd5 Qe7
{[%csl Ge7,Gg5] Schwarz verfügt über einige Aktivitäten am Königsflügel. Der
Springer auf a2 steht hingegen noch weit vom Hauptkriegschauplatz entfernt.}
42. Qf3 (42. h3 $16) 42... Qe1+ 43. Rd1 Qh4 44. h3 h5 {[%csl Rg4]} 45. Nc3 $1 {
Weiß gibt den Bauern zurück, um seinen Springer zurück ins Spiel zu bringen.} (
45. Rh1 Kg7) 45... hxg4 46. hxg4 Rxg4 (46... Qxg4 47. Rh1+ (47. Qxg4 Rxg4 48.
Nd5 Kg7 49. c3 $16) 47... Kg7 48. Qa8 Rh5 49. Rxh5 Qxh5 50. Qxa5 Qxf5 51. b4
Qf1+ 52. Kb2 Bd4 53. Qc7 $16) 47. Nd5 {[%csl Gd5] Die Stellung ist materiell
ausgeglichen, aber Weiß besitzt die bessere Bauernstruktur.} (47. Ne2 $142 $1
Kg7 48. Rh1 Qg5 49. Qh3 Kf8 50. Qh8+ Ke7 51. Qc8) 47... Kg7 48. Rh1 Rg3 (48...
Qg3 49. Rh7+ $1 Kxh7 50. Nxf6+ $18) 49. Qd1 Qd4 50. Qxd4 Bxd4 51. Kc1 {[%mdl
4096]} Rg5 $2 (51... Rf3 $142 52. Rh5 Bc5 53. c3 $16) 52. Rf1 Rg2 53. c3 Be5
54. Rd1 Kf8 55. Rd2 Rg1+ (55... Rxd2 56. Kxd2 $18) 56. Kc2 Ke8 57. b4 $18 {
[%csl Ga4,Gb4,Gd5,Re5] Weiß bekommt am Damenflügel unweigerlich einen
Freibauern, dem Schwarz nichts entgegenzusetzen hat. Der Be5 ist scheinbar
stark, jedoch kann er den Freibauern nicht aufhalten} Kd7 (57... axb4 58. cxb4
$18) 58. bxa5 Kc8 59. Nb4 Rg5 60. Rd5 Rxf5 61. Rb5 $1 {[%csl Gb5,Rc8][%cal
Gb5b8] Dem schwarzen König bleibt der Zugang zur b-Linie verwehrt; es droht
a6-a7.} Rf2+ 62. Kb3 Rf3 63. Nd5 Rd3 64. Kc4 (64. a6 Rxd5 65. Rxd5 Kb8 66. Kc4
$18) 1-0